| 000 | 01064cam a2200313 i 4500 | ||
|---|---|---|---|
| 999 |
_c200447589 _d65801 |
||
| 001 | 200447589 | ||
| 003 | TR-AnTOB | ||
| 005 | 20230303163229.0 | ||
| 007 | ta | ||
| 008 | 080924s2004 tu b 00000 tur | ||
| 035 | _a(TR-AnTOB)200447589 | ||
| 040 |
_aGAZIU _beng _erda _cGAZIU _dTR-AnTOB |
||
| 041 | 0 | _atur | |
| 050 | 4 |
_aHF3756.5 _b.O78 |
|
| 090 |
_aHF3756.5 _b.O78 |
||
| 110 | 2 |
_aOrta Anadolu İhracatçı Birlikleri _985899 |
|
| 245 | 1 | 0 |
_aFaaliyet raporu : _bçalışma programı / _cT.C. Başbakanlık Dış Ticaret Müsteşarlığı Orta Anadolu İhracatçı Birlikleri Genel Sekreterliği. |
| 264 | 1 |
_aAnkara : _bOrta Anadolu İhracatçı Birlikleri Genel Sekreterliği, _c2004- |
|
| 300 |
_avolumes ; _c30 cm |
||
| 336 |
_atext _btxt _2rdacontent |
||
| 337 |
_aunmediated _bn _2rdamedia |
||
| 338 |
_avolume _bnc _2rdacarrier |
||
| 362 | 0 | _a2003-2004,- | |
| 610 | 2 | 0 |
_aOrta Anadolu İhracatçı Birlikleri _985899 |
| 650 | 7 |
_aİhracat _zTürkiye _2etuturkob _919816 |
|
| 942 |
_2lcc _cCR |
||